Characters of Parks and Recreation - Statistics

General Stats
  • This quiz has been taken 148 times
  • The average score is 18 of 45
Answer Stats
Hint Answer % Correct
Deputy Director of Parks & Recreation Leslie Knope
99%
Nurse Ann Perkins
97%
Director of Parks & Recreation Ron Swanson
97%
Shoe Shine Andy Dwyer
94%
Intern April Ludgate
93%
Auditor Ben Wyatt
90%
Auditor Chris Traeger
85%
IRS Agent Tammy 1
83%
Librarian Tammy 2
83%
Administrator Tom Haverford
73%
Office Manager Donna Meagle
72%
City Employee Jerry Gergich
66%
Talk Show Host Perd Hapley
61%
Orthodontist Jeremy Jamm
58%
City Planner Mark Brendanawicz
53%
Second son Bobby Newport
44%
Stenographer Ethel Beavers
41%
Leech Jean-Ralphio Saperstein
39%
Adult Film Star Brandi Maxxxx
37%
Gynecologist Dr. Saperstein
37%
The Woooooorst Mona-Lisa Saperstein
35%
Miniature Horse Lil' Sebastion
32%
Talk Show Hostess Joan Callamezzo
26%
Associate Administrator Craig Middlebrooks
24%
Perfumist Dennis Feinstein
23%
Eldest son Nick Newport Jr.
19%
Intensely Awkward Human Being Orin
19%
Junior High School Vice Principal Diane Lewis
17%
Casino Owner Ken Hotate
16%
Bartender Lucy
14%
Doctor Dr. Harris
13%
Loving Wife & Mother Gayle Gergich
13%
Sewage Joe Fantringham
13%
Government Employee Kyle
13%
Head of Sweetums Nick Newport Sr.
13%
Reporter Shauna Malwae-Tweep
13%
Pediatric Surgeon Wendy Haverford
11%
Councilman Bill Dexhart
9%
Miss Pawnee Winner Jessica Wicks
8%
Pawnee School System Official Marlene Griggs-Knope
7%
Political Operative Jennifer Barkley
6%
Head of the Society for Family Stability Foundation Marcia Langman
6%
Police Sergeant Dave Sanderson
4%
Radio Show Host Howard "The Douche" Tuttleman
0%
Lawyer Justin Anderson
0%
No matching quizzes found
Score Distribution
Percent of People with Each Score
Percentile by Number Answered
Your Score History
You have not taken this quiz